000 004860000a22001570004500
090 _aAR
_b01122
245 1 0 _aDistribution patterns of tropical plant foods as an evolutionary stimulus to primate mental development
650 1 4 _aPrimates
_992938
650 1 4 _aHábitos alimentarios
_93824
650 1 4 _aEvolución
_992797
653 _gAlouatta
041 0 _aInglés
100 1 _aMilton, Katharine
_994366
942 _cARTICULO
773 1 _tAmerican Antropologist
_3415
_q534-548
_d1994?
999 _c10208
_d10208